00550nam a22001697a 450000500170000001000150001702000260003203500140005803700090007208200140008110000180009524500740011325000060018726000510019327001160024430000200036020251209164936.0 aENG-147259 c895.00a9789381406007 aEN-130791 bDBAD a305.5621 aDesai, Tripta aLiberation of Women in India and the Work of the NGO's/cTripta Desai a1 aNew DelhibDev Publishers & Distributorsc2012 bNew Delhie110002k011-43572647k9810236140mdevbooks@hotmail.coma2nd Floor, Prakasha Deep, 4735/, Ansari Road a304p.c22cm(hb)